|
|
|
|
| LEADER |
00000nam0a2200000 4500 |
| 001 |
158007 |
| 005 |
20231101222014.0 |
| 010 |
|
|
|a 9785946282468
|b (в пер.)
|b 2000 экз.
|
| 021 |
|
|
|a RU
|b 07-77720
|9 07-4185
|
| 035 |
|
|
|a (RuTPU)RU\TPU\book\171386
|
| 090 |
|
|
|a 158007
|
| 100 |
|
|
|a 20071213d2007 m y0rusy5002 ca
|
| 101 |
0 |
|
|a rus
|
| 102 |
|
|
|a RU
|
| 105 |
|
|
|a a j 000zy
|
| 200 |
1 |
|
|a Металлургия железа
|e учебник для вузов
|f Ю. С. Юсфин, Н. Ф. Пашков
|
| 210 |
|
|
|a Москва
|c Академкнига
|d 2007
|
| 215 |
|
|
|a 464 с.
|c ил.
|d 22 см.
|
| 330 |
|
|
|a Учебник посвящен бездоменной технологии производства черных металлов из природного и техногенного сырья. Он создан на основе многолетнего опыта преподавания специальных учебных дисциплин в Московском государственном институте стали и сплавов (технологическом университете).С использованием накопленного экспериментального и производственного материала рассмотрены технологии и проанализированы экологические характеристики новых процессов. В основе научного анализа явлений, протекающих при бездоменном получении черных металлов, лежат новейшие достижения физической химии, теплофизики и теплоэнергетики, газодинамики и других фундаментальных дисциплин. Впервые приведены расчеты экобалансов различных технологий.Для студентов и аспирантов высших учебных заведений, а также для научных и инженерно-технических работников предприятий металлургической промышленности.
|
| 606 |
1 |
|
|a Железо
|x Металлография
|2 stltpush
|3 (RuTPU)RU\TPU\subj\10574
|9 37625
|
| 610 |
1 |
|
|a металлургия
|
| 610 |
1 |
|
|a внедоменные методы
|
| 610 |
1 |
|
|a классификация
|
| 610 |
1 |
|
|a 21 век
|
| 610 |
1 |
|
|a металл
|
| 610 |
1 |
|
|a твердофазные методы
|
| 610 |
1 |
|
|a жидкофазные методы
|
| 610 |
1 |
|
|a жизненный цикл
|
| 610 |
1 |
|
|a экобаланс
|
| 610 |
1 |
|
|a оксиды
|
| 610 |
1 |
|
|a кристаллическая решетка
|
| 610 |
1 |
|
|a дефекты
|
| 610 |
1 |
|
|a термодинамика
|
| 610 |
1 |
|
|a кинетика
|
| 610 |
1 |
|
|a науглероживание
|
| 610 |
1 |
|
|a вторичное окисление
|
| 610 |
1 |
|
|a частицы
|
| 610 |
1 |
|
|a спекание
|
| 610 |
1 |
|
|a металлизация
|
| 610 |
1 |
|
|a примеси
|
| 610 |
1 |
|
|a газодинамика
|
| 610 |
1 |
|
|a теплообмен
|
| 610 |
1 |
|
|a сырые материалы
|
| 610 |
1 |
|
|a губчатое железо
|
| 610 |
1 |
|
|a шахтные печи
|
| 610 |
1 |
|
|a жидкий металл
|
| 610 |
1 |
|
|a кричный металл
|
| 610 |
1 |
|
|a атомная энергия
|
| 610 |
1 |
|
|a учебники
|
| 675 |
|
|
|a 669.11(075.8)
|v 3
|z rus
|
| 700 |
|
1 |
|a Юсфин
|b Ю. С.
|g Юлиан Семенович
|4 070
|
| 701 |
|
1 |
|a Пашков
|b Н. Ф.
|g Николай Фомич
|4 070
|
| 801 |
|
1 |
|a RU
|b 63413507
|c 20090416
|g PSBO
|
| 801 |
|
2 |
|a RU
|b 63413507
|c 20151009
|g PSBO
|
| 942 |
|
|
|c BK
|
| 959 |
|
|
|a 50/20090416
|d 5
|e 330,00
|f АНЛ:1
|f ЧЗТЛ:1
|f УФ:3
|